| Tag |
First Indicator |
Second Indicator |
Subfields |
| LEADER |
00000cam a2200000 4500 |
| 001 |
in00000549821 |
| 005 |
20151014051553.0 |
| 008 |
730102s1940 nyu b 00010 eng u |
| 010 |
|
|
|a 40005605
|
| 035 |
|
|
|a (OCoLC)00527287
|
| 035 |
|
|
|9 ACJ5044AM
|
| 040 |
|
|
|c KSU
|d TXA
|d UtOrBLW
|
| 049 |
|
|
|a TXAM
|c 1 [117965],
|c 2 [140548]
|
| 050 |
0 |
0 |
|a QH205
|b .A4
|
| 100 |
1 |
|
|a Allen, Roy Morris,
|d 1882-
|
| 245 |
1 |
4 |
|a The microscope /
|c [by] R. M. Allen.
|
| 264 |
|
1 |
|a New York :
|b D. Van Nostrand,
|c [1940]
|
| 264 |
|
4 |
|c [©1940]
|
| 300 |
|
|
|a viii, 286 pages :
|b illustrations (some color) ;
|c 24 cm.
|
| 336 |
|
|
|a text
|b txt
|2 rdacontent
|
| 337 |
|
|
|a unmediated
|b n
|2 rdamedia
|
| 338 |
|
|
|a volume
|b nc
|2 rdacarrier
|
| 504 |
|
|
|a Bibliography: pages 247-253.
|
| 650 |
|
0 |
|a Microscopes.
|
| 650 |
|
0 |
|a Microscopy.
|
| 999 |
|
|
|a MARS
|
| 999 |
f |
f |
|s 33619a64-fae0-3c77-b5ec-6d23c1b6b357
|i ebc7a384-9785-3377-a66f-fb8bcd14f949
|t 0
|
| 952 |
f |
f |
|p ric
|a Texas A&M University
|b Rellis Campus
|c Joint Library Facility
|d Remote Storage
|t 0
|e QH205 .A4
|h Library of Congress classification
|i unmediated -- volume
|m A14807718693
|
| 998 |
f |
f |
|a QH205 .A4
|t 0
|l Remote Storage
|